| 000 | 00404nam a22001697a 4500 | ||
|---|---|---|---|
| 003 | SGT | ||
| 020 | _a9788131256091 | ||
| 082 |
_a617.92 _bD21M |
||
| 100 | _aMorrow, Robert M..[et. al.] | ||
| 245 | _aDental Laboratory Procedures, Vol. 1 | ||
| 250 | _a2nd South Asia | ||
| 260 |
_bElsevier _c2021 |
||
| 300 | _a377 | ||
| 650 | _aDental Laboratory Procedures | ||
| 653 | _aDentistry | ||
| 942 |
_2ddc _cBK |
||
| 999 |
_c22813 _d22813 |
||